00860nam a2200205 a 45000010005000000030005000050050017000100080041000270200015000680400020000832450159001032600087002623000010003496500059003596500056004187100057004749420013005319990015005449520095005594714CDMR20131029100037.0130130s1982||||||||||||||||||||||||||||d a8450053269 aCDMRbcatcCDMR00aGuia de la premsa local i comarcalb: Alt Camp, Baix Camp, Baix Penedès, Conca de Barberà, Montsià, Priorat, Ribera d'Ebre, Tarragonès, Terra Alta aBarcelonac1982bGeneralitat de Catalunya. Departament de Mitjans de Comunicació a71 p.0493717aPremsa comarcalzCatalunyaxManuals, guies, etc.0493923aMitjans de comunicació de massavDirectoris2 93545aDirecció General de Mitjans de Comunicació cMON2udc c4714d4714 00104070aCDMRbCDMRd2013-01-16l0oDu 8/38pCDMR131080449r2013-01-16w2013-01-16yMON